000 00692nam a2200241Ia 4500
003 OSt
005 20220927105431.0
006 a|||||r|||| 00| 0
007 ta
008 220926b |||||||| |||| 00| 0 eng d
024 _a172619
037 _cReference Collections
040 _aRTL
_cRTL
_beng
041 _2eng
_aeng
082 _a"X61.1.P05r, P5/GD"
110 _aINTERNATIONAL MONETARY FUND.
245 0 _aIMF Annual report
260 _aWashington
_bD.C. IMF
_c2005
490 _v01407474: 2005 (xvi; 216p.)
700 _aINTERNATIONAL MONETARY FUND.
942 _h"X61.1.P05r, P5/GD"
_cCC
999 _c692530
_d692530